The master as I saw him : (Record no. 84826)

MARC details
000 -LEADER
fixed length control field 00568nam a22001817a 4500
005 - DATE AND TIME OF LATEST TRANSACTION
control field 20140611150252.0
010 ## - LCCN (DPL NO)
LC control number ENG-110131
020 ## - INTERNATIONAL STANDARD BOOK NUMBER
International Standard Book Number 9788184302394
Terms of availability 300.00
035 ## - SYSTEM CONTROL NUMBER
System control number EN-93663
037 ## - SOURCE OF ACQUISITION
Source of stock number/acquisition DBAD/PUB
082 ## - DEWEY DECIMAL CLASSIFICATION NUMBER
Classification number 181.46
100 ## - MAIN ENTRY--PERSONAL NAME
Personal name Nivedita
245 ## - TITLE STATEMENT
Title The master as I saw him :
Statement of responsibility, etc by Nivedita
Remainder of title pages from the life of Swami Vivekananda by his disciple, Nivedita of the Ramakrishna Mission /
260 ## - PUBLICATION, DISTRIBUTION, ETC. (IMPRINT)
Place of publication, distribution, etc New Delhi
Name of publisher, distributor, etc Ocean Books
Date of publication, distribution, etc 2013
270 ## - ADDRESS
Address 4/19 Asaf Ali Road
City New Delhi
Postal code 110002
300 ## - PHYSICAL DESCRIPTION
Extent 240p.
Dimensions 22cm(Hb)
942 ## - ADDED ENTRY ELEMENTS (KOHA)
Source of classification or shelving scheme Dewey Decimal Classification
Item type English Books
Call number suffix NIV
Edition 181.46
Holdings
Withdrawn status Lost status Not for loan Collection code Home library Current library Date acquired Source of acquisition Cost, normal purchase price Full call number Barcode Copy number Cost, replacement price Koha item type
    Not For Loan Non-fiction D.B.Act.Division D.B.Act.Division 05/06/2014 DBAD/PUB 300.00 181.46 NIV EN-93663 1 300.00 English Books

© Delhi Public Library
Hit Counter
free hit counter